1973 1258 1442 1348 1009 1832 1406 1270 1130 1322 1642 1693 1130 1936 1787 1499 1519 1890 1107 1736 1541 1391 1659 1806 1111 1767 1008 1228 1389 1232 1834 1935 1488 1312 1062 1712 1615 1550 1764 1062 1484 1629 1287 1631 1021 1854 1594 1207 1613 1677 1568 1279 1491 1456 1185 1129 1348 1161 1615 1313 1655 1492 1955 1330 1219 1243 1395 1970 1351 1140 1946 1205 1027 1930 1158 1280 1409 1061 1471 1931 1398 1477 1697 1680 1874 1585 1089 1112 1155 1760 1284 1126 1812 1056 1580 1974 1161 1772 1898 BCNSPRNW ULIB Ver.6.0+V

เปลี่ยนเป็นภาษาไทย

Change to English
 แสดงรายละเอียดบรรณานุกรม
  กลับหน้าหลัก

Brief Record : Get Marc (ISO 2709) : E-mail record : QR code < ปิดหน้าต่าง
LEADER : 00000nam 2200000uu 4500
001    13399114096
003     ULIB
008    120216s2552||||th 000 0 tha d
020    ^a9786165001335
090    ^aนว.^bภ363ผ
100 0  ^aภัทร
245 00 ^aผู้รักพันใจ/^cภัทร
250    ^aพิมพ์ครั้งที่ 1
260    ^aกรุงเทพฯ :^bดอกหญ้า 2000,^c2552
300    ^a448 หน้า
945    ^p285^l0^i18709
995    ^aเกษร
999    ^aใช้งานได้ทุกระบบ
รายการนี้ยังไม่มีแท็ก
คุณยังไม่ได้ล็อกอิน คุณสามารถมีกิจกรรมร่วมกับเว็บไซต์ได้ แต่ต้องล็อกอินก่อน ::
  ล็อกอิน

รายการสื่อสารสนเทศ

ลำดับที่ ประเภท เลขเรียก/บาร์โค้ด สถานที่ สถานะ
1. วิทยาศาสตร์การแพทย์ และสุขภาพ
วิทยาศาสตร์การแพทย์ และสุขภาพ
นว. ภ363ผ  
  Barcode: 18709
ห้องสมุดวิทยาเขตสวรรค์ประชารักษ์
►นวนิยาย
บนชั้น
  ขอยืม

รายการใกล้เคียง
    ผู้แต่ง [ภัทร]

BibComment


ยังไม่เคยถูกคอมเมนท์

คอมเมนท์ทรัพยากรรายการนี้
  คอมเมนท์: ผู้รักพันใจ ภัทร


 Copyright 2026. Bcnsprnw @Library